Introduction a la phytogeographie des pays tropicaux : (Record no. 186210)
[ view plain ]
| 000 -LEADER | |
|---|---|
| fixed length control field | 01142cam9a220028900 4500 |
| 001 - CONTROL NUMBER | |
| control field | qcf00003846 |
| 005 - DATE AND TIME OF LATEST TRANSACTION | |
| control field | 20190830104634.0 |
| 008 - FIXED-LENGTH DATA ELEMENTS--GENERAL INFORMATION | |
| fixed length control field | 730420s1971 fr fre u |
| 010 ## - LIBRARY OF CONGRESS CONTROL NUMBER | |
| LC control number | 76593894 |
| 035 ## - SYSTEM CONTROL NUMBER | |
| System control number | (Sirsi) r25500 |
| 035 ## - SYSTEM CONTROL NUMBER | |
| System control number | (QCAT)lss00415823 |
| 035 ## - SYSTEM CONTROL NUMBER | |
| System control number | (UPRA)qcf00003846 |
| 040 ## - CATALOGING SOURCE | |
| Modifying agency | UPRA |
| 100 1# - MAIN ENTRY--PERSONAL NAME | |
| Personal name | Schnell, R. (Raymond) |
| Fuller form of name | Schnell, R. (Raymond) |
| Linkage | A88903.1 |
| 245 10 - TITLE STATEMENT | |
| Title | Introduction a la phytogeographie des pays tropicaux : |
| Remainder of title | les problemes generaux / |
| Statement of responsibility, etc. | Pref. de Theodore Monod. |
| 260 ## - PUBLICATION, DISTRIBUTION, ETC. | |
| Place of publication, distribution, etc. | Paris : |
| Name of publisher, distributor, etc. | Gauthier-Villars, |
| Date of publication, distribution, etc. | 1970-1971. |
| 490 0# - SERIES STATEMENT | |
| Series statement | Geobiologie, ecologie, amenagement |
| Linkage | S13263.1 |
| 500 ## - GENERAL NOTE | |
| General note | Index des genres, especes et groupes cites: p. [899-924]. |
| 504 ## - BIBLIOGRAPHY, ETC. NOTE | |
| Bibliography, etc. note | Bibliography: v. 1, p. [451]-487. |
| 505 0# - FORMATTED CONTENTS NOTE | |
| Formatted contents note | Vol. 1, Les flores. Les structures. v.2. Les milieux. Les groupements vegetaux. |
| 650 #0 - SUBJECT ADDED ENTRY--TOPICAL TERM | |
| Topical term or geographic name entry element | Plant ecology -- Tropics. |
| Geographic subdivision | Plant ecology -- Tropics. |
| Linkage | S9604.1 |
| 650 #0 - SUBJECT ADDED ENTRY--TOPICAL TERM | |
| Topical term or geographic name entry element | Phytogeography. |
| Linkage | S5251.1 |
| 650 #0 - SUBJECT ADDED ENTRY--TOPICAL TERM | |
| Topical term or geographic name entry element | Tropical plants. |
| Linkage | S9603.1 |
| 949 ## - LOCAL PROCESSING INFORMATION (OCLC) | |
| a | QK474.5 |
| v | VOL. 11 |
| w | lcc |
| i | 33729000209614 |
| m | MAIN |
| p | 2500 |
| t | BOOK |
| l | ON-SHELF |
| 987 ## - LOCAL ROMANIZATION/CONVERSION HISTORY (OCLC) | |
| Romanization/conversion identifier | Holdings : volumes use? |
No items available.